000 004930000a22001690004500
003 MACL
005 20160220132500.0
008 160220b xxu||||| |||| 00| 0 eng d
040 _aMACL
_cMACL
041 _aHindi
082 _a300
100 _aगांधीजी
_938113
245 _aहरिजनसेवकोंके लिअे
260 _bनवजीवन प्रकाशन
_c1944
_aअहमदाबाद
650 _aSociology
_939208
942 _cHIN
_k300
_2ddc
999 _c23188
_d23188